000 00560nam a2200181Ia 4500
008 090123s9999 xx 000 0 und d
082 _b42228
100 _aनाईक संजय
245 _aनवरा बायको का भांडतात?
250 _a1
260 _c2007
300 _a80
600 _aनाईक संजय
630 _aनवरा बायको का भांडतात?
700 _aनाईक संजय
730 _aनवरा बायको का भांडतात?
942 _cBOOK
999 _c80306
_d80306